|
|
|
|
| LEADER |
01844nam a2200493 aa4500 |
| 001 |
nkc20061652638 |
| 003 |
CZ PrNK |
| 005 |
20141104082334.0 |
| 007 |
ta |
| 008 |
060425s2005 xr e 000 0 cze |
| 015 |
|
|
|a cnb001652638
|
| 020 |
|
|
|a 80-249-0579-5
|q (sv. 1 ;
|q váz.)
|
| 020 |
|
|
|a 80-249-0616-3
|q (sv. 2 ;
|q váz.)
|
| 035 |
|
|
|a (OCoLC)85167380
|
| 040 |
|
|
|a OLA001
|b cze
|d ABA001
|
| 041 |
1 |
|
|a cze
|h eng
|
| 043 |
|
|
|a a-ii---
|
| 045 |
|
|
|a w-w-
|
| 072 |
|
7 |
|a 821.111-3
|x Anglická próza, anglicky psaná
|2 Konspekt
|9 25
|
| 080 |
|
|
|a 821.111-31
|2 MRF
|
| 080 |
|
|
|a (540)
|2 MRF
|
| 080 |
|
|
|a (0:82-311.6)
|2 MRF
|
| 100 |
1 |
|
|a Kaye, M. M.
|q (Mary Margaret),
|d 1909-2004
|7 xx0009440
|4 aut
|
| 245 |
1 |
0 |
|a Vzdálené vrcholky hor /
|c M.M. Kaye ; [z anglického originálu ... přeložil Dušan Zbavitel]
|
| 250 |
|
|
|a Vyd. 1.
|
| 260 |
|
|
|a V Praze :
|b Ikar,
|c 2005
|
| 300 |
|
|
|a 2 sv. (575, 565 s.) ;
|c 21 cm
|
| 500 |
|
|
|a Ve sv. 2 terminologický slovník
|
| 648 |
|
7 |
|a 19. století
|7 ch460557
|2 czenas
|
| 651 |
|
7 |
|a Indie
|7 ge129384
|y 19. století
|2 czenas
|
| 651 |
|
9 |
|a India
|y 19th century
|2 eczenas
|
| 655 |
|
7 |
|a anglické romány
|7 fd131814
|2 czenas
|
| 655 |
|
7 |
|a historické romány
|7 fd132414
|2 czenas
|
| 655 |
|
9 |
|a English fiction
|2 eczenas
|
| 655 |
|
9 |
|a historical novels
|2 eczenas
|
| 765 |
0 |
|
|t Far pavilions
|9 Česky
|
| 856 |
4 |
1 |
|u http://www.digitalniknihovna.cz/mzk/uuid/uuid:f58bf0d0-5f7c-11e4-be62-005056825209
|y Digitalizovaný dokument
|x NDK
|
| 910 |
2 |
|
|a BOA001
|b 2-1156.285
|s 1-2
|t v
|
| 928 |
9 |
|
|a Euromedia Group - Ikar
|
| 990 |
|
|
|a BK
|
| 995 |
|
|
|a 01
|
| 991 |
|
|
|b 200512
|
| 996 |
6 |
|
|b 2610259035
|c 2-1156.285
|d 1. díl
|v 1
|l MZK
|r Sklad / do 1 hodiny
|n 8
|p p.v.
|w 000787596
|u 000010
|a 1
|e BOA001
|j MZK50
|s P
|
| 996 |
6 |
|
|b 2610266760
|c 2-1156.285
|d 2. díl
|v 2
|l MZK
|r Sklad / do 1 hodiny
|n 3
|p p.v.
|w 000787596
|u 000020
|a 1
|e BOA001
|j MZK50
|s P
|